000 00255nam a22000977a 4500
008 231218b |||||||| |||| 00| 0 eng d
020 _a9798987696804
100 _aDayton L. Howard
_97742
245 _aThe Compass Curriculum
260 _aOrlando, Florida
_c2022
999 _c12525
_d12525